Statistiken für Gerade oder Ungerade?

Klicken Sie hier um das Quiz zu spielen!

Allgemein

  • Dieses Quiz wurde 80 mal gespielt
  • Das Durchschnittsergebnis liegt bei 9 aus 15

Antwortstatistiken

FrageAntwort% Korrekt
Deutsche BundesländerGerade
91%
US-BundesstaatenGerade
80%
Ehen von Gerhard SchröderUngerade
77%
KlaviertastenGerade
76%
Harry-Potter-RomaneUngerade
71%
Deutsche Bundeskanzler*innenUngerade
70%
Meisterserie FC Bayern MünchenUngerade
65%
Gründungsmitglieder "Spice Girls"Ungerade
63%
Pferde auf dem Brandenburger TorGerade
58%
NATO-MitgliederGerade
58%
Menschenaffen-Arten (ohne den Menschen)Ungerade
49%
Staffeln von "Die Simpsons"Ungerade
47%
"Lokalzeiten" im WDR FernsehenUngerade
42%
Fibonacci-Zahlen unter 100Gerade
41%
Offizielle James-Bond-FilmeUngerade
41%

Verteilung der Resultate

Perzentil nach korrekt beantworteten Fragen

Anzahl Personen mit jedem Resultat

Ihre Resultats-Entwicklung

Sie haben dieses Quiz noch nicht gespielt